000 00361nam a2200145Ia 4500
008 191201s2009 xx 000 0 und d
082 _a658.3
_bSUH
100 _aSUBBARAO,P
245 0 _aHuman Resource Management and industrial ...
250 _aRep
260 _aN. delhi
_bHimala Publication House
_c2009
300 _a613
650 _aBBA
942 _2ddc
_cBK
_01
999 _c54
_d54